| 000 | 00618nam a2200181Ia 4500 | ||
|---|---|---|---|
| 008 | 090123s9999 xx 000 0 und d | ||
| 082 | _b38611 | ||
| 100 | _aकिणीकर रॉय | ||
| 245 | _aइथे जगण्याची सक्ती आहे | ||
| 250 | _a1 | ||
| 260 |
_bप्रतिक प्रकाशन _c2005 |
||
| 300 | _a116 | ||
| 600 | _aकिणीकर रॉय | ||
| 630 | _aइथे जगण्याची सक्ती आहे | ||
| 700 | _aकिणीकर रॉय | ||
| 730 | _aइथे जगण्याची सक्ती आहे | ||
| 942 | _cBOOK | ||
| 999 |
_c76678 _d76678 |
||